00828 2200265 4500001002100000005001700021008004100038020001800079035002400097040001200121082001200133084001800145100002000163245012000183250001000303260003000313300002800343500007100371650002400442700002100466700002400487700002100511850001200532990001800544INLIS00000000002574120170222085100.0  a979-1305-09-9 0010-021700000000555 aYOPDYOG a320.011 a320.011 Non H aNONET, Philippe aHukum responsifc/ Philippe Nonet, Philip Sclznick ; penerjemah, Raisul Muttaqien ; penyunting, Nurainun Mangunsong aCet.9 aBandungbNusa Mediac2015 aviii, 176 hlm.c; 21 cm aJudul asli : Law and society in transition : toward responsive law aPolitik-Aspek hukum aSclznick, Philip aNurainun Mangunsong aRaisul Muttaqien aYOPDYOG a53320-PD/A.17